| 000 | 00682nam a2200193Ia 4500 | ||
|---|---|---|---|
| 003 | GCL | ||
| 008 | 140319s9999 xx 000 0 ara d | ||
| 040 |
_aGCL / _cGCL |
||
| 082 | 0 | 4 |
_a915.3104 _bب ر |
| 100 | 1 | _aعبدالرحمن عبدالله الشيخ | |
| 245 | 1 | 0 |
_aرحلة جوزيف بتس (الحاج يوسف) الى مصر ومكة المكرمة والمدينة المنورة / _cعبدالرحمن عبدالله الشيخ |
| 700 | 1 | _aبتسى، جوزيف | |
| 300 | _a91 ص | ||
| 490 |
_aالالف كتاب الثانى _v0 |
||
| 650 | 0 | 4 | _aالرحلات |
| 650 | 0 | 4 | _aالرحالة |
| 650 | 0 | 4 | _aالسعودية - وصف ورحلات |
| 942 |
_2ddc _cBK |
||
| 999 |
_c44884 _d44884 |
||